| 000 | 00611nam a2200193Ia 4500 | ||
|---|---|---|---|
| 003 | LDD | ||
| 008 | 190117s9999 xx 000 0 und d | ||
| 020 |
_a978813611275 _c₹150 |
||
| 040 | _cLDD | ||
| 041 | _ahi | ||
| 082 | _a8H3.7 शि6801क | ||
| 100 | _aशिवानी | ||
| 245 | 0 |
_aकरिये छिमा _cशिवानी |
|
| 260 |
_aनई दिल्ली _bराधा कृष्ण प्रकाशन _c2012 |
||
| 300 | _a120p. | ||
| 901 | _aKGP | ||
| 904 | _aReqst by : Jitendra Kumar Srivasta | ||
| 942 |
_2ddc _cH |
||
| 999 |
_c171738 _d171738 |
||